000 00582nam a2200217Ia 4500
005 20250923145946.0
008 008 250917s9999 xx 000 0 eng d
037 _aTextual
040 _aDSWL
_beng
_cDSWL
041 _aeng
_2eng
084 _aQ2:26x, N95
_qDSWL
100 _aDalmia, Von
_9840720
245 0 _aRepresenting Hinduism
_c by Von Dalmia
260 _aNew Delhi
_bSage
_c1995
300 _a468p.
365 _aINR
_b275.00
700 _a Stietencron Von
_9840721
925 _g275.00
942 _cTEXL
_hQ2:26x, N95
999 _c1457818
_d1457818